000 00610nam a2200241Ia 4500
003 OSt
005 20221005085810.0
006 a|||||r|||| 00| 0
007 ta
008 221004b |||||||| |||| 00| 0 eng d
024 _a30468
037 _cTextual
040 _aCRL
_cCRL
_beng
041 _2eng
_aeng
082 _aM19, J1
100 _aFlesch Rudolf
_910581
245 0 _aHow to test readability
260 _aNew York
_bHarper & brothers
_c1951
300 _a56
_ccm.
650 _aINDUSTRIAL ARTS
942 _hM19, J1
_cTEXL
_2cc
999 _c994774
_d994774